01325cam a2200241 i 45000010009000000050017000090080041000260100017000670200018000840400018001020420008001200430012001280500025001401000021001652450045001863000023002315000028002545000482002826500069007646510053008338560106008868560091009921874759420180204020037.0150818s2015 sa 000 f eng  a 2015466643 a9781431420247 aDLCcDLCdDLC apcc af-sa---00aDT1058b.B53R67 20161 aRossouw, Rehana.10aWhat will people say? /cRehana Rossouw. a332 pages ;c24 cm a"A Novel"--Front cover. a"Hanover Park. The heart of the Cape Flats. It is 1986. ... Neville and Magda Fourie live in Magnolia Court with their three children. They are trying to 'raise them decent' in a township festering with gang wars and barricaded with burning tyres. ... [A] rich variety of township characters - the preachers, the teachers, the gangsters and the defeated - come to life in vivid language as they eke out their lives in the shadows of grey concrete blocks of flats."--Back cover. 0aColored people (South Africa)zSouth AfricazCape TownvFiction. 0aHanover Park (Cape Town, South Africa)vFiction.423Contributor biographical informationuhttp://www.loc.gov/catdir/enhancements/fy1601/2015466643-b.html423Publisher descriptionuhttp://www.loc.gov/catdir/enhancements/fy1601/2015466643-d.html